000 00241 a2200097 4500
001 61990
090 _c37157
_d37157
100 _aLonghurst,A.T
245 _aI Can Draw:Dinosaurs.On the Farm. Trucks&Cars Sharks, Wheels
260 _bParragon Queen BAI
942 _aNUST-CAE
999 _c297063
_d297063